Carregant...
| LEADER | 00453cam a2200145ua 4500 | ||
|---|---|---|---|
| 008 | 101222t2010||||||||||| 00 ||||| c | ||
| 082 | |a 633.895 2 |b RUB | ||
| 245 | 0 | 0 | |a Rubber grower`s companion 2010 / |
| 260 | |a Kottayam: |b RRII, |c 2010. | ||
| 362 | 1 | |a 2010. | |
| 650 | 0 | |a Rubber | |
| 700 | 0 | 2 | |a RRII, |
| 942 | |c REF | ||
| 999 | |c 24432 |d 24432 | ||
| 952 | |0 0 |1 0 |4 0 |6 633_895000000000000_2_RU |7 0 |9 25993 |a KUCL |b KUCL |d 2014-05-23 |l 0 |o 633.895 2 RU |p 25091 |r 2017-03-09 |w 2014-05-23 |y REF | ||